| 000 | 004040000a22001450004500 | ||
|---|---|---|---|
| 003 | LK-CoMWRAF | ||
| 008 | 230817t ||||| |||| 00| 0 eng d | ||
| 040 |
_aLK-CoMWRAF _dLK-CoMWRAF _eLK-CoMWRAF |
||
| 041 | _aeng | ||
| 082 |
_a310 _bMAR |
||
| 245 |
_amarga-(Special Issue) -Changing Profiles of Women _bWomen in Development |
||
| 260 |
_bMarga Institute _aSri Lanka _c1989 |
||
| 300 | _ap.93 | ||
| 942 | _cBK | ||
| 999 |
_c1542 _d1542 |
||